Français vainqueurs de la Ligue des Champions (1955 - 2023) - Statistiques

Statistiques générales
  • Ce quiz a été pris 224 fois
  • Le résultat moyen est 36 sur 63
Statistiques - réponses
Hint Réponse % Correct
2014 - Réal Madrid Karim Benzema
94%
2016 - Réal Madrid Karim Benzema
94%
2017 - Réal Madrid Karim Benzema
94%
2018 - Réal Madrid Karim Benzema
94%
2022 - Réal Madrid Karim Benzema
94%
2020 - Bayern Munich Kingsley Coman
90%
2002 - Réal Madrid Zinédine Zidane
90%
2014 - Réal Madrid Raphaël Varane
86%
2016 - Réal Madrid Raphaël Varane
86%
2017 - Réal Madrid Raphaël Varane
86%
2018 - Réal Madrid Raphaël Varane
86%
2022 - Réal Madrid Eduardo Camavinga
85%
2021 - Chelsea N'Golo Kanté
85%
1993 - Marseille Didier Deschamps
84%
1996 - Juventus Didier Deschamps
84%
2020 - Bayern Munich Benjamin Pavard
80%
2022 - Réal Madrid Ferland Mendy
80%
1994 - AC Milan Jean-Pierre Papin
77%
2013 - Bayern Munich Franck Ribéry
76%
2020 - Bayern Munich Lucas Hernandez
76%
2009 - Fc Barcelone Thierry Henry
76%
2018 - Réal Madrid Théo Hernandez
75%
1985 - Juventus Michel Platini
74%
1993 - Marseille Fabien Barthez
70%
1957 - Réal Madrid Raymond Kopa
70%
1958 - Réal Madrid Raymond Kopa
70%
1959 - Réal Madrid Raymond Kopa
70%
1993 - Marseille Basile Boli
68%
2021 - Chelsea Olivier Giroud
67%
1993 - Marseille Marcel Desailly
66%
1994 - AC Milan Marcel Desailly
66%
2001 - Bayern Munich Bixente Lizarazu
65%
2009 - Fc Barcelone Eric Abidal
64%
2011 - Fc Barcelone Eric Abidal
64%
2008 - Manchester United Patrice Evra
63%
2015 - Fc Barcelone Jérémy Mathieu
60%
2020 - Bayern Munich Corentin Tolisso
58%
2002 - Réal Madrid Claude Makélélé
52%
2000 - Réal Madrid Nicolas Anelka
46%
2005 - Liverpool Djibril Cissé
45%
2010 - Inter Milan Patrick Vieira
45%
2001 - Bayern Munich Willy Sagnol
43%
1998 - Réal Madrid Christian Karembeu
41%
2000 - Réal Madrid Christian Karembeu
41%
2012 - Cheslea Florent Malouda
40%
2006 - Fc Barcelone Ludovic Giuly
40%
1993 - Marseille Eric Di Meco
36%
2007 - AC Milan Yoann Gourcuff
31%
2021 - Chelsea Kurt Zouma
29%
2008 - Manchester United Louis Saha
28%
1993 - Marseille Franck Sauzée
26%
2020 - Bayern Munich Michaël Cuisance
26%
2008 - Manchester United Mikaël Silvestre
25%
2005 - Liverpool Anthony Le Tallec
24%
2005 - Liverpool Florent Sinama-Pongolle
20%
1993 - Marseille Jocelyn Angloma
16%
1993 - Marseille Pascal Olmeta
16%
1993 - Marseille Manuel Amoros
14%
1993 - Marseille Jean-Jacques Eydelie
10%
1993 - Marseille Bernard Casoni
8%
1993 - Marseille Jean-Marc Ferreri
8%
1993 - Marseille Jean-Philippe Durand
6%
1993 - Marseille Jean-Christophe Thomas
5%
Aucun quiz correspondant
Distribution des résultats
% des personnes avec chaque résultat
Percentile par nombre de réponses
Votre historique - résultats
Vous n’avez pas pris ce quiz